|
|
|
|
| LEADER |
00000naa2a2200000 4500 |
| 001 |
151967 |
| 005 |
20231031150900.0 |
| 035 |
|
|
|a (RuTPU)RU\TPU\book\164790
|
| 035 |
|
|
|a RU\TPU\tpu\13985
|
| 090 |
|
|
|a 151967
|
| 100 |
|
|
|a 20090128d1973 k y0rusy50 ca
|
| 101 |
0 |
|
|a rus
|
| 102 |
|
|
|a RU
|
| 200 |
1 |
|
|a Некоторые статистические сопоставления характера изменения напряженности магнитного поля с изменением рельефа местности на Апрелковском золоторудном месторождении
|f А. Т. Сысоев, Л. Я. Ерофееев
|
| 463 |
|
0 |
|0 (RuTPU)RU\TPU\book\139279
|t Геология
|o материалы конференции, посвященные 75-летию института
|f Томский политехнический институт ; под ред. А. В. Аксарина
|v С. 171
|d 1973
|p 232 с.
|
| 610 |
1 |
|
|a труды учёных ТПУ
|
| 700 |
|
1 |
|a Сысоев
|b А. Т.
|
| 701 |
|
1 |
|a Ерофееев
|b Л. Я.
|
| 801 |
|
1 |
|a RU
|b 63413507
|c 20080226
|g PSBO
|
| 801 |
|
2 |
|a RU
|b 63413507
|c 20090128
|g PSBO
|
| 942 |
|
|
|c BK
|